00784nam a2200217 u 4500001001000000003000900010005001700019008003300036020001500069040002500084082003200109100003400141245009800175260003500273300003600308500006400344504003100408650003400439650004800473710004500521000002658DO-SdBNP20240131101841.0090703s1999 dr c 001 0 spa d z8489525625 aDO-SdBNPbspacBPMSU 4a338.4763361bC965a 19992221 aCuevas P., Héctor E.d1950-13aEl azúcar se ahogó en la melaza :bquinientos años de azúcar /cHéctor E. Cuevas P. aSanto Domingo :bINTEC,c1999. a227 p. :bil., retrs. ;c21 cm. aIncluye datos biográficos del autor en la contracubierta. aBibliografía: p. 221-227 4aIndustria azucareraxHistoria 4aIndustria azucarerazRepública Dominicana2 aInstituto Tecnológico de Santo Domingo